| 000 | 01198nam a22002295i 4500 | ||
|---|---|---|---|
| 001 | 163722 | ||
| 003 | ES-MaACL | ||
| 005 | 20240528161702.0 | ||
| 008 | 990318s1884 sp |||| | spa d | ||
| 040 |
_aCCPB | B _bspa _cCCPB | B |
||
| 100 | 1 |
_aRodríguez, Gabriel, _d1829-1901 _998243 |
|
| 245 | 1 | 3 |
_aEl convenio con Inglaterra / _cconferencias dadas por D. Gabriel Rodríguez en el Círculo de la Unión Mercantil en los días 16 de Febrero y 8 y 29 de Marzo de 1884 ; publicadas como suplemento por el periódico El Día. |
| 260 |
_aMadrid : _b[s.n.], _c1884 ( _fImprenta de El Día, á cargo de Lucas polo) |
||
| 300 |
_a111 p. ; _c16 cm. |
||
| 597 | _aAntep. | ||
| 710 | 2 |
_aCírculo de la Unión Mercantil (Madrid) _9134324 |
|
| 852 |
_aES-MaACL _jT-403-F-12 _qEjemplar guillotinado afectando al texto _cDEPOF _xEnc. en un vol. facticio _xEnc. hol. _9169913 |
||
| 852 |
_aES-MaACL _jFOLL-Laf-581 _9169912 _cDEPOF _fSello en tinta en portada: "Ateneo de Madrid. Biblioteca" _fSello en tinta en portada: "Ateneo de Madrid. Legado M. de la Fuente" _hLegado: M. de la Fuente |
||
| 903 |
_969535 _aLafuente, Modesto, _q1 _d1806-1866 _ednr |
||
| 942 | _2udc | ||
| 999 |
_c163722 _d163722 |
||